Abbreviations dictionary
Đã lưu trong:
| Príomhúdar: | |
|---|---|
| Formáid: | Leabhar |
| Teanga: | Undetermined |
| Foilsithe: |
New York
Meredith Press
1967
|
| Ábhair: | |
| Clibeanna: |
Cuir Clib Leis
Gan Chlibeanna, Bí ar an gcéad duine leis an taifead seo a chlibeáil!
|
| Thư viện lưu trữ: | Trung tâm Học liệu Trường Đại học Cần Thơ |
|---|
| LEADER | 00482nam a2200181Ia 4500 | ||
|---|---|---|---|
| 001 | CTU_26027 | ||
| 008 | 210402s9999 xx 000 0 und d | ||
| 082 | |a 413.1 | ||
| 082 | |b S684 | ||
| 100 | |a Ralph de Sola | ||
| 245 | 0 | |a Abbreviations dictionary | |
| 245 | 0 | |c Ralph de Sola | |
| 260 | |a New York | ||
| 260 | |b Meredith Press | ||
| 260 | |c 1967 | ||
| 650 | |a english language - dictionaries | ||
| 904 | |i Minh, 981005 | ||
| 980 | |a Trung tâm Học liệu Trường Đại học Cần Thơ | ||